Entre las exigencias de calidad y las condiciones de desigualdad : (Record no. 214889)

MARC details
000 -CABECERA
campo de control de longitud fija 01196nam a2200325 a 4500
003 - IDENTIFICADOR DEL NÚMERO DE CONTROL
campo de control MX-MxUPN
005 - FECHA Y HORA DE LA ÚLTIMA TRANSACCIÓN
campo de control 20260328064229.0
007 - CAMPO FIJO DE DESCRIPCIÓN FÍSICA--INFORMACIÓN GENERAL
campo de control de longitud fija cr |||aaaaaaa|
008 - ELEMENTOS DE LONGITUD FIJA--INFORMACIÓN GENERAL
campo de control de longitud fija 260326s2024 ck|db|||o ||| 000 0 spa d
035 ## - NÚMERO DE CONTROL DEL SISTEMA
Número de control de sistema 9786287651944
040 ## - FUENTE DE LA CATALOGACIÓN
Centro catalogador/agencia de origen MX-MxUPN
Lengua de catalogación spa
Normas de descripción aacr2
041 0# - CÓDIGO DE IDIOMA
Código de lengua del texto/banda sonora o título independiente spa
050 14 - SIGNATURA TOPOGRÁFICA DE LA BIBLIOTECA DEL CONGRESO
Número de clasificación LB1719.C
100 1# - ASIENTO PRINCIPAL--NOMBRE PERSONAL
Nombre de persona Arias Gómez, Diego Hernán
9 (RLIN) 59050
100 1# - ASIENTO PRINCIPAL--NOMBRE PERSONAL
Nombre de persona Díaz Flórez, Olga Cecilia
9 (RLIN) 58939
100 1# - ASIENTO PRINCIPAL--NOMBRE PERSONAL
Nombre de persona Garzón Barragán, Isabel
9 (RLIN) 44988
100 1# - ASIENTO PRINCIPAL--NOMBRE PERSONAL
Nombre de persona León Palencia, Ana Cristina
9 (RLIN) 59051
100 1# - ASIENTO PRINCIPAL--NOMBRE PERSONAL
Nombre de persona Rodríguez Ávila, Sandra Patricia
9 (RLIN) 59052
100 1# - ASIENTO PRINCIPAL--NOMBRE PERSONAL
Nombre de persona Valbuena Ussa, Édgar Orlay
9 (RLIN) 59053
245 10 - MENCIÓN DE TÍTULO
Título Entre las exigencias de calidad y las condiciones de desigualdad :
Resto del título formación inicial de profesores en Colombia
Medio [recurso electrónico en línea]
250 ## - MENCIÓN DE EDICIÓN
Mención de edición Segunda edición revisada
260 ## - PUBLICACIÓN, DISTRIBUCIÓN, ETC.
Lugar de publicación, distribución, etc. Bogotá, Colombia :
Nombre del editor, distribuidor, etc. Universidad Pedagógica Nacional,
Fecha de publicación, distribución, etc. 2024
300 ## - DESCRIPCIÓN FÍSICA
Extensión 1 recurso en línea (438 páginas)
506 0# - NOTA DE RESTRICCIONES AL ACCESO
Limitaciones de acceso Acceso abierto
650 #4 - ASIENTO SECUNDARIO DE MATERIA - TERMINO TEMATICO
Término de materia o nombre geográfico como elemento de entrada Formación docente
Subdivisión geográfica Colombia
9 (RLIN) 59189
650 #4 - ASIENTO SECUNDARIO DE MATERIA - TERMINO TEMATICO
Término de materia o nombre geográfico como elemento de entrada Formación docente
9 (RLIN) 55770
856 40 - LOCALIZACIÓN Y ACCESO ELECTRÓNICOS
Identificador Uniforme del Recurso <a href="http://hdl.handle.net/20.500.12209/20842">http://hdl.handle.net/20.500.12209/20842</a>
902 ## - ELEMENTOS DE DATOS B LOCAL, LDB (RLIN)
Creó JohanaAllegre/260326
942 ## - ELEMENTOS DE PUNTO DE ACCESO ADICIONAL (KOHA)
Fuente del sistema de clasificación o colocación Library of Congress Classification
Tipo de ítem Koha Libro Electrónico
Holdings
Estado de retiro Estado de pérdida Fuente del sistema de clasificación o colocación Estado dañado No para préstamo Código de colección Localización permanente Ubicación/localización actual Ubicación en estantería Fecha de adquisición Total de préstamos Clasificación Fecha visto por última vez Identificador Uniforme del Recurso Precio válido a partir de Tipo de ítem Koha
    Library of Congress Classification     Acceso abierto Bib. Gregorio Torres Quintero Bib. Gregorio Torres Quintero En línea 26/03/2026   LB1719.C 26/03/2026 http://hdl.handle.net/20.500.12209/20842 26/03/2026 Libro Electrónico